Turecko odmieta princíp buď západ, alebo východ

Prezident Erdoğan nechce voliť medzi európskymi alebo eurázijskými integračnými príležitosťami.

Saved in:
Bibliographic Details
Main Author: Peter, Adrian
Format: Book Chapter
Language:Slovak
Subjects:
Tags: Add Tag
No Tags, Be the first to tag this record!

MARC

LEADER 00000naa a2200000 4500
001 0226361
005 20170124074523.9
041 0 |a slo 
044 |a SK 
245 1 0 |a Turecko odmieta princíp buď západ, alebo východ  |c Adrian Peter 
520 |a Prezident Erdoğan nechce voliť medzi európskymi alebo eurázijskými integračnými príležitosťami. 
610 2 0 |a Turecko 
610 2 0 |a Európska únia 
610 2 0 |a integrácia ekonomická medzinárodná 
610 2 0 |a politika zahraničná 
100 1 |a Peter, Adrian